Statistiche per Casuale Paese per Capitale

Clicka qui per fare il quiz!

Statistiche generali

  • Questo quiz è stato fatto 10.473 volte
  • Il punteggio medio è 13 su 20

Statistiche sulle risposte

CapitaleNazione% Corretto
BrasíliaBrasile
98%
TiranaAlbania
97%
AlgeriAlgeria
97%
Buenos AiresArgentina
97%
ParigiFrancia
97%
BerlinoGermania
97%
TokyoGiappone
97%
Città del GuatemalaGuatemala
97%
DublinoIrlanda
97%
RomaItalia
97%
LussemburgoLussemburgo
97%
AmsterdamPaesi Bassi
97%
LondraRegno Unito
97%
MoscaRussia
97%
WashingtonStati Uniti
97%
StoccolmaSvezia
97%
TunisiTunisia
97%
ViennaAustria
96%
SofiaBulgaria
96%
AteneGrecia
96%
ReykjavíkIslanda
96%
MonacoMonaco
96%
OsloNorvegia
96%
PragaRepubblica Ceca
96%
San MarinoSan Marino
96%
MadridSpagna
96%
BudapestUngheria
96%
Andorra la VellaAndorra
95%
BruxellesBelgio
95%
Città del VaticanoCittà del Vaticano
95%
CopenaghenDanimarca
95%
Il CairoEgitto
95%
Nuova DelhiIndia
95%
Città del MessicoMessico
95%
LisbonaPortogallo
95%
BucarestRomania
95%
BernaSvizzera
95%
KievUcraina
95%
OttawaCanada
94%
SeulCorea del Sud
94%
SarajevoBosnia ed Erzegovina
93%
GerusalemmeIsraele
93%
PanamaPanama
93%
VarsaviaPolonia
93%
SingaporeSingapore
93%
PechinoCina
92%
HelsinkiFinlandia
92%
CanberraAustralia
91%
ZagabriaCroazia
91%
RigaLettonia
91%
VilniusLituania
90%
La VallettaMalta
90%
LimaPerù
90%
BangkokThailandia
90%
TallinnEstonia
89%
KuwaitKuwait
89%
AnkaraTurchia
89%
BogotàColombia
88%
Abu DhabiEmirati Arabi Uniti
88%
PyongyangCorea del Nord
87%
L'AvanaCuba
87%
BelgradoSerbia
87%
NairobiKenya
85%
LubianaSlovenia
85%
BaghdadIraq
84%
SantiagoCile
82%
RabatMarocco
82%
BratislavaSlovacchia
82%
NicosiaCipro
81%
TripoliLibia
81%
DamascoSiria
81%
MinskBielorussia
80%
San SalvadorEl Salvador
80%
TeheranIran
80%
MontevideoUruguay
80%
KabulAfghanistan
79%
Santo DomingoRepubblica Dominicana
79%
ManilaFilippine
78%
SkopjeMacedonia del Nord
78%
ChișinăuMoldavia
78%
GibutiGibuti
77%
GiacartaIndonesia
77%
São ToméSao Tome e Principe
77%
TaipeiTaiwan
77%
CaracasVenezuela
77%
RiyādArabia Saudita
74%
BakuAzerbaijan
74%
WellingtonNuova Zelanda
74%
BissauGuinea-Bissau
73%
BeirutLibano
73%
VaduzLiechtenstein
73%
PodgoricaMontenegro
73%
TbilisiGeorgia
72%
DohaQatar
72%
QuitoEcuador
69%
Addis AbebaEtiopia
69%
Kuala LumpurMalesia
69%
Sri Jayawardenepura KotteSri Lanka
69%
PretoriaSudafrica
69%
La Paz | SucreBolivia
68%
PristinaKosovo
68%
HanoiVietnam
68%
AntananarivoMadagascar
66%
IslamabadPakistan
66%
KathmanduNepal
65%
KingstonGiamaica
62%
DakarSenegal
60%
AsunciónParaguay
58%
MogadiscioSomalia
58%
Port-au-PrinceHaiti
56%
ErevanArmenia
54%
DaccaBangladesh
54%
Ulan BatorMongolia
53%
AmmanGiordania
52%
MaléMaldive
52%
Phnom PenhCambogia
51%
BrazzavilleRepubblica del Congo
49%
KinshasaRepubblica Democratica del Congo
49%
Sana'aYemen
49%
LuandaAngola
47%
San JoséCosta Rica
47%
AccraGhana
46%
TegucigalpaHonduras
46%
KhartumSudan
46%
VientianeLaos
45%
ManaguaNicaragua
45%
NassauBahamas
44%
MascateOman
44%
Bandar Seri BegawanBrunei
43%
BishkekKirghizistan
43%
AshgabatTurkmenistan
43%
TashkentUzbekistan
43%
OuagadougouBurkina Faso
42%
YaoundéCamerun
42%
AsmaraEritrea
42%
VictoriaSeychelles
42%
FreetownSierra Leone
41%
KampalaUganda
41%
BelmopanBelize
40%
Nur-SultanKazakistan
40%
AbujaNigeria
40%
Port of SpainTrinidad e Tobago
40%
NaypyidawBirmania
39%
ParamariboSuriname
39%
DušanbeTagikistan
39%
ThimphuBhutan
38%
NiameyNiger
38%
DodomaTanzania
38%
PraiaCapo Verde
36%
GeorgetownGuyana
36%
N'DjamenaCiad
35%
MonroviaLiberia
35%
DiliTimor Est
34%
LoméTogo
34%
ManamaBahrain
33%
Porto-Novo | CotonouBenin
33%
GaboroneBotswana
33%
GitegaBurundi
33%
YamoussoukroCosta d'Avorio
33%
LibrevilleGabon
33%
NouakchottMauritania
33%
Port MoresbyPapua Nuova Guinea
33%
LusakaZambia
33%
HarareZimbabwe
33%
Saint John'sAntigua e Barbuda
32%
MoroniComoros
32%
Saint George'sGrenada
32%
BamakoMali
32%
KigaliRuanda
32%
CastriesSanta Lucia
32%
MbabaneSwaziland
32%
Port VilaVanuatu
32%
SuvaFigi
31%
ConakryGuinea
31%
WindhoekNamibia
31%
ApiaSamoa
31%
GiubaSud Sudan
31%
BridgetownBarbados
30%
Port LouisMauritius
30%
BanguiRepubblica Centrafricana
30%
BanjulGambia
29%
LilongweMalawi
29%
MaputoMozambico
29%
YarenNauru
29%
PalikirStati Federati di Micronesia
29%
RoseauDominica
28%
BasseterreSaint Kitts e Nevis
28%
KingstownSaint Vincent e Grenadine
28%
FunafutiTuvalu
27%
MaseruLesotho
26%
NgerulmudPalau
26%
NukuʻalofaTonga
26%
MajuroIsole Marshall
22%
MalaboGuinea Equatoriale
21%
HoniaraIsole Salomone
20%
Sud TarawaKiribati
18%

Distribuzione punteggi

Percentile per numero di risposta

Percentuale di utenti per punteggio

I tuoi punteggi nel tempo

Non hai fatto questo quiz